000 00480nam a2200181Ia 4500
008 090124s9999 xx 000 0 und d
082 _b18243
100 _aकदम बाबा
245 _a प्रलय
250 _a0
260 _bविद्यार्थी प्रकाशन
_c1974
300 _a301
600 _aकदम बाबा
630 _a प्रलय
700 _aकदम बाबा
730 _a प्रलय
942 _cBOOK
999 _c89802
_d89802